| 000 | 00000nam 2200000zi 4500 |
| 001 | 9.947285 |
| 003 | CaOODSP |
| 005 | 20250122164533 |
| 006 | m o d f |
| 007 | cr |n||||||||| |
| 008 | 250122s1949 oncad o f000 0 fre d |
| 040 | |aCaOODSP|bfre|erda|cCaOODSP |
| 043 | |an-cn-qu |
| 086 | 1 |aA52-265/1949F-PDF |
| 086 | 1 |zA51-91F-PDF |
| 100 | 1 |aBordeleau, Richard, |d1902- |eauteur. |
| 245 | 10|aStation expérimentale fédérale de L'Assomption (P.Q.) : |brapport décennal, 1937-1946 / |cR. Bordeleau. |
| 264 | 1|aOttawa, Canada : |bMinistre de l'Agriculture, |c[1949] |
| 300 | |a1 ressource en ligne (87 pages) : |billustrations, tableau |
| 336 | |atexte|btxt|2rdacontent/fre |
| 337 | |ainformatique|bc|2rdamedia/fre |
| 338 | |aressource en ligne|bcr|2rdacarrier/fre |
| 500 | |aPublié aussi en anglais sous le titre : Dominion Experimental Station, L'Assomption, Que. : progress report, 1937-1946. |
| 500 | |aÉdition numérisée de l'imprimé [par Agriculture et Agroalimentaire Canada]. |
| 610 | 15|aCanada. |bFerme expérimentale (L'Assomption, Québec) |
| 650 | 6|aStations agronomiques|zQuébec (Province)|zL'Assomption. |
| 710 | 1 |aCanada. |bService des fermes expérimentales, |eorganisme de publication. |
| 710 | 1 |aCanada. |bFerme expérimentale (L'Assomption, Québec), |eorganisme de publication. |
| 775 | 08|tDominion Experimental Station, L'Assomption, Que. : |w(CaOODSP)9.947281 |
| 856 | 40|qPDF|s15.10 Mo|uhttps://publications.gc.ca/collections/collection_2024/aac-aafc/A51-91-1937-fra.pdf |
| 986 | |aM—11904—3:49 |